Geography Quiz

Random Geography or City Quiz

U.S. Cities: Larger Then or Now? Quiz Stats

 Plays Quiz Updated Mar 6, 2016

Score 0/20 Timer 03:00
5 Plays Today
City (T)hen or (N)ow % Correct
LOS ANGELES
California
???
91.8%
LAS VEGAS
Nevada
???
89.8%
MIAMI
Florida
???
87.8%
DETROIT
Michigan
???
84.6%
CHARLOTTE
North Carolina
???
81%
SAN FRANCISCO
California
???
80.9%
ANCHORAGE
Alaska
???
80.1%
GARY
Indiana
???
79.9%
BUFFALO
New York
???
75.1%
CLEVELAND
Ohio
???
72.6%
City (T)hen or (N)ow % Correct
PITTSBURGH
Pennsylvania
???
71.9%
ALBANY
New York
???
70.8%
INDIANAPOLIS
Indiana
???
65.5%
BALTIMORE
Maryland
???
63.9%
LOUISVILLE
Kentucky
???
61.8%
COLUMBUS
Ohio
???
60.2%
BATON ROUGE
Louisiana
???
55.2%
BOSTON
Massachusetts
???
35.2%
CHICAGO
Illinois
???
29.8%
WASHINGTON
D.C.
???
25.2%

You're not logged in!

Compare scores with friends on all Sporcle quizzes.
OR
Log In

Show Comments

Extras

Top Quizzes Today


Score Distribution

Your Account Isn't Verified!

In order to create a playlist on Sporcle, you need to verify the email address you used during registration. Go to your Sporcle Settings to finish the process.

Report this User

Report this user for behavior that violates our Community Guidelines.

Details: